000 00677cam a22001817i 4500
999 _c14385
_d14385
003 OSt
005 20260226160419.0
008 160412s2016 dcuad b 001 0 eng
020 _a9781610917636
_qpaper : alk. paper
020 _a1610917634
_qpaper : alk. paper
100 1 _aEley, C.
_q(Charles),
_eauthor.
245 1 0 _aDesign professional's guide to zero net energy buildings /
_cCharles Eley, FAIA, PE.
300 _axvii, 252 pages :
_billustrations, charts ;
_c23 cm
500 _aMinimal Level Cataloging Plus.
_5DLC
504 _aIncludes bibliographical references (pages 231-244) and index.
650 0 _aSustainable buildings
_xDesign and construction.
942 _2ddc